LEADER 01139cam2 22002891 450 001 SOBE00022647 005 20190917125930.0 100 $a20120220d1920 |||||ita|0103 ba 101 $aita 102 $aIT 200 0 $a1 210 $aTorino$cUnione tipografico-editrice torinese$d1920 215 $aLXVIII, 262 p., 3 c. di tav.$cill.$d18 cm 225 2 $aCollezione di classici italiani con note$v24 410 1$1001LAEC00020637$12001 $a*Collezione di classici italiani con note$v24 461 1$1001SOBE00022644$12001 $aDel primato morale e civile degli italiani / Vincenzo Gioberti ; introduzione e note di Gustavo Balsamo-Crivelli 700 1$aGioberti$b, Vincenzo <1801-1852>$3AF00014805$4070$068480 702 1$aBalsamo-Crivelli, Gustavo$3A600200028449$4070 801 0$aIT$bUNISOB$c20190917$gRICA 850 $aUNISOB 852 $aUNISOB$j850|Coll|30|K$m74277 912 $aSOBE00022647 940 $aM 102 Monografia moderna SBN 941 $aW 957 $a850|Coll|30|K$b000046$i-1$gSI$d74277$racquisto$tN$1vittorini$2UNISOB$3UNISOB$420120220112453.0$520120502133450.0$6bethb 996 $a1$91084321 997 $aUNISOB LEADER 00890cam2 22002533 450 001 E600200027439 005 20220209080347.0 100 $a20070605d1979 |||||ita|0103 ba 101 $aita 102 $aIT 200 0 $a1$fGiovanni Fiaschi 210 $aPadova$c[s.n.]$d1979$gTip. La garangola 215 $a185 p.$d24 cm. 461 1$1001SOBE00069570$12000 $aGerrard Winstanley : l'essere e il potere : itinerario politico di un mistico nell'Inghilterra del Seicento / Giovanni Fiaschi 700 1$aFiaschi$b, Giovanni$3AF00009569$4070$0255965 801 0$aIT$bUNISOB$c20220209$gRICA 850 $aUNISOB 852 $aUNISOB$j340.1$m134537 912 $aE600200027439 940 $aM 102 Monografia moderna SBN 941 $aW 957 $a340.1$b001230$gSi$d134537$rdono$1catenacci$2UNISOB$3UNISOB$420070605095534.0$520220209080019.0$6rovito 996 $a1$92586875 997 $aUNISOB